[Event "10th Tournament of Peace"]
[Site "Zagreb CRO"]
[Date "2024.11.28"]
[Round "8.1"]
[White "Jovanovic, Zoran"]
[Black "Kozul, Zdenko"]
[Result "1/2-1/2"]
[WhiteElo "2520"]
[BlackElo "2511"]
[EventDate "2024.11.21"]
[PlyCount "139"]

1.e4 c5 2.Nf3 d6 3.Bb5+ Bd7 4.Bxd7+ Nxd7 5.c3 Ngf6 6.Qe2 Rc8 7.O-O c4 8.
Na3 Qc7 9.b3 cxb3 10.axb3 a6 11.d4 e6 12.c4 Be7 13.Bg5 h6 14.Bh4 g5 15.Bg3
Nh5 16.Nc2 g4 17.Nfe1 Nxg3 18.hxg3 h5 19.Nd3 Bf6 20.f4 Qb6 21.e5 Bg7 22.
Rab1 O-O 23.Kh2 Rfe8 24.Nf2 f5 25.b4 dxe5 26.fxe5 Qd8 27.c5 h4 28.Nd3 Nf8 
29.Nf4 Rc7 30.Rh1 Qg5 31.Rbf1 Ng6 32.Nxg6 Qxg6 33.gxh4 g3+ 34.Kg1 Bh6 35.
Qd3 Rg7 36.Rf3 Kh7 37.Kf1 Qh5 38.Rh3 Reg8 39.d5 Kh8 40.d6 f4 41.Qe4 Qe8 
42.Ke2 a5 43.Rh1 axb4 44.Nd4 Qa4 45.Rd1 Qa2+ 46.Kf1 Rg4 47.Qe2 Qa4 48.Qc2 
Qe8 49.Qc4 Rxh4 50.Qxe6 Qh5 51.d7 Bg5 52.Ke2 Rh2 53.Rg1 b3 54.Qxb3 Qh3 55.
Qe6 Rxg2+ 56.Rxg2 Qxg2+ 57.Kd3 Qh1 58.Kc4 Qh7 59.Rxf4 Bxf4 60.Qf6+ Qg7 61.
d8=Q Rxd8 62.Qxd8+ Qg8+ 63.Qxg8+ Kxg8 64.Ne2 Bxe5 65.Kd5 Bc7 66.Ke6 g2 67.
Kd7 Ba5 68.Kc8 b5 69.cxb6 Bxb6 70.Kb7 1/2-1/2

[Event "10th Tournament of Peace"]
[Site "Zagreb CRO"]
[Date "2024.11.28"]
[Round "8.2"]
[White "Saric, Ibro"]
[Black "Palac, Mladen"]
[Result "1/2-1/2"]
[WhiteElo "2513"]
[BlackElo "2446"]
[EventDate "2024.11.21"]
[PlyCount "27"]

1.d4 Nf6 2.Nf3 b6 3.g3 Bb7 4.Bg2 e6 5.O-O Be7 6.c4 O-O 7.Nc3 Ne4 8.Nxe4 
Bxe4 9.Ne1 Bxg2 10.Nxg2 d5 11.Qa4 Qe8 12.Qxe8 Rxe8 13.cxd5 exd5 14.Be3 
1/2-1/2

[Event "10th Tournament of Peace"]
[Site "Zagreb CRO"]
[Date "2024.11.28"]
[Round "8.3"]
[White "Hracek, Zbynek"]
[Black "Grigoriants, Sergei"]
[Result "1/2-1/2"]
[WhiteElo "2541"]
[BlackElo "2531"]
[EventDate "2024.11.21"]
[PlyCount "44"]

1.e4 e5 2.Nf3 Nc6 3.Bb5 a6 4.Ba4 Nf6 5.O-O b5 6.Bb3 Bc5 7.a4 Rb8 8.Nxe5 
Nxe5 9.d4 Bxd4 10.Qxd4 d6 11.f4 Nc6 12.Qc3 Ne7 13.axb5 axb5 14.e5 Ne4 15.
Qf3 Nc5 16.Ba2 O-O 17.Be3 Nf5 18.Bf2 Bb7 19.Qh3 Qd7 20.Nd2 g6 21.Nf3 Ne6 
22.Bxe6 fxe6 1/2-1/2

[Event "10th Tournament of Peace"]
[Site "Zagreb CRO"]
[Date "2024.11.28"]
[Round "8.4"]
[White "Ivanchuk, Vasyl"]
[Black "Zelcic, Robert"]
[Result "1/2-1/2"]
[WhiteElo "2640"]
[BlackElo "2454"]
[EventDate "2024.11.21"]
[PlyCount "78"]

1.d4 Nf6 2.c4 e6 3.Nc3 Bb4 4.Qc2 O-O 5.a3 Bxc3+ 6.Qxc3 d5 7.Bg5 dxc4 8.
Qxc4 b6 9.Rc1 h6 10.Bh4 Ba6 11.Qa4 c5 12.dxc5 bxc5 13.Nf3 Qd7 14.Qxd7 
Nbxd7 15.e3 Bxf1 16.Rxf1 g5 17.Bg3 Ne4 18.Nd2 Nxg3 19.hxg3 Rab8 20.Rc2 Rb5
21.Ke2 Rfb8 22.b3 Kg7 23.Rfc1 R5b6 24.Rc3 Ra6 25.a4 Rab6 26.f4 e5 27.Rd3 
R8b7 28.Rcc3 Rb4 29.Nc4 e4 30.Rd6 Nf6 31.Na5 Rd7 32.Rxd7 Nxd7 33.Rc1 Rb6 
34.Rc4 Ra6 35.Nb7 Rb6 36.Nxc5 Nxc5 37.Rxc5 Rxb3 38.fxg5 Rb2+ 39.Kf1 Rb1+ 
1/2-1/2

[Event "10th Tournament of Peace"]
[Site "Zagreb CRO"]
[Date "2024.11.28"]
[Round "8.5"]
[White "Fedorchuk, Sergei"]
[Black "Stevic, Hrvoje"]
[Result "1/2-1/2"]
[WhiteElo "2571"]
[BlackElo "2548"]
[EventDate "2024.11.21"]
[PlyCount "60"]

1.e4 e5 2.Nf3 Nc6 3.Bb5 a6 4.Ba4 Nf6 5.O-O Nxe4 6.d4 b5 7.Bb3 d5 8.dxe5 
Be6 9.Be3 Be7 10.c3 O-O 11.Nbd2 Bg4 12.Nxe4 dxe4 13.Qd5 Qxd5 14.Bxd5 exf3 
15.Bxc6 fxg2 16.Rfc1 Rab8 17.a4 b4 18.cxb4 Rxb4 19.Bxg2 c5 20.Bxc5 Bxc5 
21.Rxc5 Rxb2 22.h3 Be6 23.Rc6 Rfb8 24.Rxa6 Rb1+ 25.Rxb1 Rxb1+ 26.Kh2 g5 
27.Rd6 Rb2 28.Kg3 Rb3+ 29.Kh2 Rb2 30.Kg3 Rb3+ 1/2-1/2

[Event "10th Tournament of Peace"]
[Site "Zagreb CRO"]
[Date "2024.11.29"]
[Round "9.1"]
[White "Stevic, Hrvoje"]
[Black "Jovanovic, Zoran"]
[Result "1/2-1/2"]
[WhiteElo "2548"]
[BlackElo "2520"]
[EventDate "2024.11.21"]
[PlyCount "27"]

1.e4 c5 2.Nf3 d6 3.Nc3 Nf6 4.d4 cxd4 5.Nxd4 a6 6.g3 e5 7.Nb3 Be7 8.Bg2 O-O
9.O-O Bg4 10.Qd3 Nc6 11.Be3 Be6 12.Rad1 h6 13.h3 Rc8 14.Qe2 1/2-1/2

[Event "10th Tournament of Peace"]
[Site "Zagreb CRO"]
[Date "2024.11.29"]
[Round "9.2"]
[White "Zelcic, Robert"]
[Black "Fedorchuk, Sergei"]
[Result "1/2-1/2"]
[WhiteElo "2454"]
[BlackElo "2571"]
[EventDate "2024.11.21"]
[PlyCount "38"]

1.e4 c5 2.Nf3 e6 3.Nc3 Nc6 4.d4 cxd4 5.Nxd4 Qc7 6.Be2 a6 7.O-O Nf6 8.Kh1 
Be7 9.f4 d6 10.Be3 O-O 11.Qe1 Nxd4 12.Bxd4 b5 13.a3 Bb7 14.Qg3 Rad8 15.
Rae1 Qd7 16.Bd3 Nh5 17.Qg4 Nf6 18.Qg3 Nh5 19.Qg4 Nf6 1/2-1/2

[Event "10th Tournament of Peace"]
[Site "Zagreb CRO"]
[Date "2024.11.29"]
[Round "9.4"]
[White "Palac, Mladen"]
[Black "Hracek, Zbynek"]
[Result "1/2-1/2"]
[WhiteElo "2446"]
[BlackElo "2541"]
[EventDate "2024.11.21"]
[PlyCount "29"]

1.e4 c5 2.Nf3 Nc6 3.Nc3 e5 4.Bc4 Be7 5.d3 d6 6.Nd2 Nf6 7.Nf1 Bg4 8.f3 Be6 
9.Ne3 O-O 10.Ncd5 Nd7 11.O-O Bg5 12.a3 Nb6 13.Nxb6 Bxe3+ 14.Bxe3 axb6 15.
f4 1/2-1/2

[Event "10th Tournament of Peace"]
[Site "Zagreb CRO"]
[Date "2024.11.29"]
[Round "9.5"]
[White "Kozul, Zdenko"]
[Black "Saric, Ibro"]
[Result "1/2-1/2"]
[WhiteElo "2511"]
[BlackElo "2513"]
[EventDate "2024.11.21"]
[PlyCount "25"]

1.d4 Nf6 2.c4 e6 3.Nf3 d5 4.g3 Be7 5.Bg2 O-O 6.O-O c6 7.Qc2 b6 8.Nbd2 Bb7 
9.e4 Na6 10.e5 Nd7 11.a3 c5 12.dxc5 bxc5 13.b3 1/2-1/2